| 000 | 00579cam6a220021700 4500 | ||
|---|---|---|---|
| 001 | zam00003661 | ||
| 008 | 951128s1976 xx eng u | ||
| 035 | _a(Sirsi) r20980 | ||
| 035 | _a(MACHINE)SLC. | ||
| 100 |
_aFabeer, H. _6A82573.1 |
||
| 245 | 1 | 0 | _aPsychology of Religion. |
| 260 | _c1976. | ||
| 949 |
_aBF175 _wlcc _mMAIN _tBOOK _lON-SHELF |
||
| 004 | 20980 | ||
| 591 | _aClass code: RS 920. | ||
| 591 | _aCourse: Psychology of religion. | ||
| 591 | _aSchool: S03. | ||
| 591 | _aLecturer: Fr. CARMODY, B.P. | ||
| 591 | _aNumber of Students: 32. | ||
| 909 | _aBook | ||
| 999 |
_c171834 _d171834 |
||